Statistiques concernant Football - Les plus gros transferts de joueurs suisses

Cliquez ici pour prendre le quiz!

Statistiques générales

  • Ce quiz a été pris 60 fois
    (42 depuis la dernière actualisation)
  • Le résultat moyen est 10 sur 20

Statistiques - réponses

PrixClub acheteurJoueur% Correct
145 mio €ArsenalGranit Xhaka
97%
520 mio €Manchester cityManuel Akanji
77%
817 mio €Stoke CityXherdan Shaqiri
74%
1414,7 mio €LiverpoolXherdan Shaqiri
66%
915 mio €LeverkusenGranit Xhaka
60%
321,5 mio €Borussia DortmundManuel Akanji
60%
618,6 mio €Burnley FCZeki Amdouni
60%
1712,5 mio €AS MonacoBreel Embolo
57%
420 mio €AS MonacoDenis Zakaria
57%
1115 mio €Borussia DortmundGregor Kobel
57%
1911,8 mio €Bayern MunichXherdan Shaqiri
57%
1514 mio €AC MilanNoah Okafor
51%
226,5 mio €FC Schalke 04Breel Embolo
46%
1315 mio €Inter MilanXherdan Shaqiri
46%
1614 mio €Eintracht FrancfortDjibril Sow
43%
718 mio €NapoliGökhan Inler
37%
1215 mio €AC MilanRicardo Rodríguez
34%
1015 mio €Stade RennaisFabian Rieder
31%
1812 mio €Borussia MönchengladbachDenis Zakaria
23%
2014 mio €West Ham UnitedAlbian Ajeti
6%

Distribution des résultats

Percentile par nombre de réponses

% des personnes avec chaque résultat

Votre développement - résultats

Vous n’avez pas pris ce quiz depuis la dernière actualisation